| 000 | 01029nam a22002537a 4500 | ||
|---|---|---|---|
| 999 |
_c623 _d623 |
||
| 003 | AR-CdUCM | ||
| 008 | 190225b ||||| |||| 00| 0 spa d | ||
| 040 |
_aMUNICIPALIDAD PROVINCIAL DEL CUSCO _cBIBLIOTECA MUNICIPAL DEL CUSCO |
||
| 082 |
_a922 / _bQ7 |
||
| 100 |
_aQuintana , Francisco de A. _92428 |
||
| 245 |
_aSan Antonio de Padua : _bDoctor de la iglesia / _cFrancisco A. de Quintana |
||
| 260 |
_aPerú : _bEmpresa gráfica Scheuch, S. A. ; _c1946. |
||
| 300 |
_a102 páginas. : _c21 cm. |
||
| 505 | _aContenido: Devoción a la santísima virgen -- Amor de Dios, anhelo del martirio -- Doctor de la verdad evangélica -- Obras auténticas -- El Abad de Vercelli ... | ||
| 650 |
_aReligión _91195 |
||
| 650 |
_aPredicación _92429 |
||
| 650 |
_aSermones _92430 |
||
| 650 |
_aOrden Franciscana _92431 |
||
| 650 |
_aDoctor de la iglesia _92432 |
||
| 650 |
_aAdoctrinamiento _92433 |
||
| 710 |
_aDelegación General de la Orden Franciscana en América Meridional _92434 |
||
| 942 |
_2ddc _cLIBROS |
||
| 945 |
_anom _d2019-02-25 |
||